Normal view
MARC view
- Understanding public health
Entry Uniform Title
001 - CONTROL NUMBER
- control field: 5416
003 - CONTROL NUMBER IDENTIFIER
- control field: NUST
005 - DATE AND TIME OF LATEST TRANSACTION
- control field: 20171013095849.0
008 - FIXED-LENGTH DATA ELEMENTS
- fixed length control field: 171013|| aca||aabn | a|a d
040 ## - CATALOGING SOURCE
- Original cataloging agency: NUST
- Transcribing agency: NUST
130 ## - HEADING--UNIFORM TITLE
- Uniform title: Understanding public health
670 ## - SOURCE DATA FOUND
- Source citation: Work cat.: (NUST)0: Landon, Megan. 5415, Environment, health and sustainable development /, 2006.
